00280 a2200109 4500001000700000020001800007040003500025100002400060240004000084245003500124300001100159157246 a9788520937839 cEscola São Tomás de Aquino aCONY, Carlos Heitor10aO mistério da coroa imperiallpor10aO mistério da coroa imperial a128 p.